Power and International relations (Record no. 351266)
[ view plain ]
| 000 -LEADER | |
|---|---|
| fixed length control field | 00598nam a2200121Ia 4500 |
| 008 - FIXED-LENGTH DATA ELEMENTS--GENERAL INFORMATION | |
| fixed length control field | 171212s9999 xx 000 0 und d |
| 020 ## - INTERNATIONAL STANDARD BOOK NUMBER | |
| International Standard Book Number | 9781925022117 |
| 245 ## - TITLE STATEMENT | |
| Statement of responsibility, etc | editor Ball, Desmond;Lee, Sheryn |
| Title | Power and International relations |
| Remainder of title | Essays in Honour of Coral Bell |
| 260 ## - PUBLICATION, DISTRIBUTION, ETC. (IMPRINT) | |
| Name of publisher, distributor, etc | ANU E Press |
| Date of publication, distribution, etc | 2014 |
| 650 ## - SUBJECT ADDED ENTRY--TOPICAL TERM | |
| Topical term or geographic name as entry element | Bell, Coral; Bell, Coral -- Childhood and youth; Country life -- Victoria -- Ecklin South; Women college teachers -- Australia; Women authors -- Australia; International relations -- 21st century; Festschriften |
| 650 ## - SUBJECT ADDED ENTRY--TOPICAL TERM | |
| Topical term or geographic name as entry element | History |
| 856 ## - ELECTRONIC LOCATION AND ACCESS | |
| Uniform Resource Identifier | <a href="http://www.jstor.org/stable/j.ctt13wwvkp">http://www.jstor.org/stable/j.ctt13wwvkp</a> |
| Withdrawn status | Lost status | Damaged status | Home library | Current library | Date acquired | Total Checkouts | Date last seen | Price effective from | Koha item type |
|---|---|---|---|---|---|---|---|---|---|
| College Library | College Library | 12/12/2017 | 12/12/2017 | 12/12/2017 | Curriculum - Based eBooks |